| 000 | 00536nam a22001697a 4500 | ||
|---|---|---|---|
| 003 | PILC | ||
| 005 | 20150112093443.0 | ||
| 008 | 130226t xxu||||| |||| 00| 0 eng d | ||
| 020 | _a9712711684 | ||
| 050 |
_aGV 1703.P6 _b.Al25 2002 |
||
| 082 |
_aSFf 793.3 _bAl25 2002 |
||
| 100 |
_aAlejandro, Reynaldo Gamboa _920844 |
||
| 245 |
_aSayaw : _cReynaldo Gamboa Alejandro and Amanda Abad Santos-Gana _bPhilippine dances / |
||
| 260 |
_aPasig City _bAnvil _c2002. |
||
| 300 |
_a238 pages : _c29 cm. _bcolored illustration ; |
||
| 942 |
_2lcc _cBK |
||
| 999 |
_c14815 _d14815 |
||